| 000 | 00362nam a22001217a 4500 | ||
|---|---|---|---|
| 082 | _a200 THE | ||
| 100 |
_aARSLAN WAHEED _972705 |
||
| 245 | _aTH-SOF-0834-ROLLING ELEMENT BEARING FAULT DIAGNOSTIC SYSTEM | ||
| 260 |
_aISLAMABAD _bNUST COLLEGE OF EME _c2013 |
||
| 650 |
_aMS-MTS-66 MSTHESIS _970400 |
||
| 700 |
_aADVISOR DR KUNWAR FARAZ AHMED _972706 |
||
| 942 | _cCF | ||
| 999 |
_c578699 _d578699 |
||